00000000nam 2200000zi 4500
0019.947482
003CaOODSP
00520250129102039
006m     o  d f      
007cr cn|||||||||
008250129e200203##qucbdo  ob   f000 0 fre d
040 |aCaOODSP|bfre|erda|cCaOODSP
043 |an-cn---|an-us---
0861 |aEn57-52/115F-PDF
1001 |aLeblanc, Bernard, |eauteur.
24510|aEstimation du taux de recul des berges du fleuve Saint-Laurent pour le tronçon Montréal - Trois Rivières / |cBernard LeBlanc, Alexandre Morin, Nicolas Roy, Olivier Champoux, Jean Morin et Jean-François Cantin.
264 1|aSainte-Foy : |bEnvironnement Canada, |cMars 2002.
300 |a1 ressource en ligne (vii, 28 pages) : |bcartes, graphiques, photographies.
336 |atexte|btxt|2rdacontent/fre
337 |ainformatique|bc|2rdamedia/fre
338 |aressource en ligne|bcr|2rdacarrier/fre
4901 |aRapport technique SMC Québec - Section hydrologie ; |vRT-115
500 |aTitre de la couverture.
500 |aÉdition numérisée de l'imprimé [par Environnement et changement climatique Canada].
500 |a« Préparé pour le Groupe de travail technique sur les processus littoraux du Groupe d'étude international sur le lac Ontario et le fleuve Saint-Laurent (Commission Mixte Internationale). »
504 |aComprend des références bibliographiques (page 24).
520 |a« L'estimation du taux de recul des berges du fleuve Saint-Laurent par photo-interprétation numérique s'insère dans une problématique générale de développement d'outils permettant d'évaluer les impacts de la régulation des niveaux d'eau sur l'évolution des berges du fleuve Saint-Laurent » -- Introduction, page 1.
650 6|aZones riveraines|zSaint-Laurent (Fleuve)|xGestion.
650 6|aPentes et versants (Géographie physique)|zSaint-Laurent (Fleuve)
650 0|aRiparian areas|zSaint Lawrence River|xManagement.
650 0|aSlopes (Physical geography)|zSaint Lawrence River.
7102 |aService météorologique du Canada. |bRégion du Québec. |bSection hydrologie‏, |eorganisme de publication.
830#0|aRapport technique SMC - Section hydrologie ;|vRT-115.|w(CaOODSP)9.920057
85640|qPDF|s1.28 Mo|uhttps://publications.gc.ca/collections/collection_2025/eccc/en57/En57-52-115-fra.pdf